Fantasmi inglesi /
Saved in:
| Andre forfattere: | , , |
|---|---|
| Format: | Bog |
| Sprog: | italiensk |
| Udgivet: |
Roma :
TEN,
1994
|
| Udgivelse: | Edizioni integrali |
| Serier: | Centopaginemillelire ;
179 |
| Fag: | |
| Tags: |
Ingen Tags, Vær først til at tagge denne postø!
|
MARC
| LEADER | 00000nam a2200000 ib4500 | ||
|---|---|---|---|
| 001 | IT\ICCU\RAV\0239294 | ||
| 003 | ItRI | ||
| 005 | 20260115231936.0 | ||
| 008 | 940702s1994 it |||||| ||||| |||||c | ||
| 020 | |a 8879835009 | ||
| 040 | |b ita |c importazione bologna sebina | ||
| 041 | 7 | |a ita |2 ISO-639-2 | |
| 082 | |a 823.8 |9 NARRATIVA IN LINGUA INGLESE |2 14 | ||
| 245 | 0 | 0 | |a Fantasmi inglesi / |c \scritti di! H. Walpole ... \et al.! ; a cura di Gianni Pilo e Sebastiano Fusco. |
| 250 | |a Edizioni integrali | ||
| 260 | |a Roma : |b TEN, |c 1994 | ||
| 300 | |a 96 p. ; |c 20 cm. | ||
| 650 | 7 | |a NOVELLE INGLESI |x Antologie |2 scbi | |
| 700 | 1 | |a Fusco, Sebastiano, |d (1944- ) |0 IT\ICCU\CFIV\330450 | |
| 700 | 1 | |a Pilo, Gianni |0 IT\ICCU\CFIV\009948 | |
| 700 | 1 | |a Walpole, Horace |0 IT\ICCU\CFIV\000461 | |
| 773 | 0 | |w IT\ICCU\RAV\0239281 |t Fantasmi & fantasmi | |
| 790 | 1 | |a Sabellicus, Jorg |3 IT\ICCU\SBNV\079301 |z Fusco, Sebastiano (1944- ) | |
| 830 | 0 | |a Centopaginemillelire ; |v 179 |0 IT\ICCU\RAV\0196182 | |
| 942 | |2 ddc |c BK |n 0 | ||
| 952 | |0 0 |1 0 |4 0 |6 DOC_823_808000000000000_WAL |7 0 |9 17317 |a BO |b BO |d 2026-01-15 |i 10126 |l 0 |o DOC 823.808 WAL |p BO10126 |r 2026-01-15 23:19:36 |w 2026-01-15 |x [Sebina 5] [1 v.] |y BK |z 1 v. | ||
| 999 | |c 14785 |d 14785 | ||